| 000 | 01083nam0a22003011 4500 | ||
|---|---|---|---|
| 001 | rc\2230535 | ||
| 005 | 20110826164353.5 | ||
| 035 | _a(NLR Aleph) 006521028 | ||
| 090 |
_a6430395 _c6430395 |
||
| 100 | _a20110826d1978 |||y0rusy50 ca | ||
| 101 | 1 |
_arus _crus _cmul |
|
| 102 | _aRU | ||
| 105 | _ac z |||a| | ||
| 200 | 1 |
_aДорогой дружбы _eПер. и оригин. стихи _fНиколай Тихонов |
|
| 210 |
_aМосква _cСов. Россия _d1978 |
||
| 215 |
_a285 с. _cпортр. _d17 |
||
| 225 | 1 | _aМастера художественного перевода | |
| 327 | 0 | _aЦиклы: Слово друзей; Родина необъятная | |
| 464 | 0 | _12001#$aСлово друзей$aРодина необъятная | |
| 686 |
_aШ5(2=Р)75-65я44 _2rubbk |
||
| 700 | 1 |
_aТихонов _bН. С. _f1896-1979 _gНиколай Семенович |
|
| 801 | 0 |
_aRU _bNLR _gpsbo |
|
| 801 | 1 |
_aRU _bELAR _2rusmarc |
|
| 852 |
_aNLR _j78-2/3916 |
||
| 899 |
_aRuMoRGB _jБ 78-43/1321 |
||
| 899 |
_aRuMoRGB _jБ 78-43/1322 |
||
| 942 | _cBOOK | ||
| 980 | _aNB | ||